00768nam a2200229Ia 4500003000900000008004100009040001300050040001300063041000900076100002800085245005400113250001000167260001300177260000900190300001200199490003300211490000600244600006000250942000700310999001700317952020400334IT-RoPAU120407s9999 xx 000 0 und d aIT-RoPAU cIT-RoPAU alat  aBaldovino di Canterbury aLe sacrament de l’autel (De sacramento altaris) aParis aDu Cerf. c1963 c19.5 cm aSources Chretinnes 93 e 94 v2 a"t. I° 304 p. t. 2° 305-596 p. testo latino-francese" cBK c23378d23378 00102ddc406276_800000000000000_39371aPAULUSbPAULUSd2012-04-11l0o276.8.393r2012-04-11 00:00:00w2012-04-11yBKzInserito da: Carla In data: 24 ottobre 2011 fondo: Via A.Severo 56 Progr:23786